Statistics for Language Sorting

Click here to take the quiz!

General Stats

  • This quiz has been taken 9 times
  • The average score is 73 of 75

Answer Stats

QuestionTileSelect% Correct
Italian words.apfelNo
100%
English words.apfelNo
100%
Spanish words.apfelNo
100%
German words.apfelYes
100%
French words.apfelNo
100%
Italian words.árbolesNo
100%
English words.árbolesNo
100%
German words.árbolesNo
100%
English words.castleYes
100%
French words.castleNo
100%
Italian words.castleNo
100%
German words.castleNo
100%
Italian words.forbiciYes
100%
German words.forbiciNo
100%
Spanish words.forbiciNo
100%
English words.forbiciNo
100%
Italian words.giaccaYes
100%
German words.giaccaNo
100%
Spanish words.giaccaNo
100%
English words.giaccaNo
100%
Spanish words.hundNo
100%
Italian words.hundNo
100%
English words.hundNo
100%
French words.hundNo
100%
German words.hundYes
100%
English words.maisonNo
100%
Spanish words.maisonNo
100%
German words.maisonNo
100%
French words.maisonYes
100%
Italian words.maisonNo
100%
German words.petiteNo
100%
Spanish words.petiteNo
100%
French words.petiteYes
100%
Italian words.petiteNo
100%
German words.piantaNo
100%
French words.piantaNo
100%
English words.piantaNo
100%
Spanish words.quesoYes
100%
Italian words.quesoNo
100%
German words.quesoNo
100%
French words.quesoNo
100%
Spanish words.shoesNo
100%
French words.shoesNo
100%
Italian words.shoesNo
100%
English words.shoesYes
100%
Italian words.támbienNo
100%
German words.támbienNo
100%
French words.támbienNo
100%
Spanish words.támbienYes
100%
English words.támbienNo
100%
French words.tannenbaumNo
100%
Spanish words.tannenbaumNo
100%
English words.tannenbaumNo
100%
Italian words.tannenbaumNo
100%
German words.tannenbaumYes
100%
English words.tigerYes
100%
Italian words.tigerNo
100%
German words.tigerNo
100%
Spanish words.tigerNo
100%
Spanish words.villeNo
100%
German words.villeNo
100%
English words.villeNo
100%
Italian words.villeNo
100%
French words.villeYes
100%
French words.árbolesNo
86%
Spanish words.castleNo
86%
French words.forbiciNo
86%
French words.giaccaNo
86%
English words.petiteNo
86%
English words.quesoNo
86%
German words.shoesNo
86%
French words.tigerNo
86%
Spanish words.árbolesYes
71%
Spanish words.piantaNo
71%
Italian words.piantaYes
71%

Score Distribution

Percentile by Number Answered

Percent of People with Each Score

Your Score History

You have not taken this quiz